| 000 | 00604nam a22002057a 4500 | ||
|---|---|---|---|
| 005 | 20251027110612.0 | ||
| 006 | a|||||r|||| 00| 0 | ||
| 007 | ta | ||
| 008 | 251027b2018 ag ||||| |||| 00| 0 spa d | ||
| 020 | _a9789876045179 | ||
| 040 |
_aAR-EsCIE _cAR-EsCIE |
||
| 245 | 1 | 3 | _aLa restauración ecológica como proyecto educativo : aportes teóricos y líneas de acción / |
| 260 |
_aNeuquén : _bEDUCO, _c2018. |
||
| 300 |
_a204 p. _bfoto. |
||
| 650 | 4 |
_aRESTAURACION _9339 |
|
| 700 | 1 |
_aGobbi, Miriam E. _91078 _eed. |
|
| 700 | 1 |
_aAguilar, Alfonso _91079 _eed. |
|
| 910 | _aPG251027 | ||
| 942 |
_2ddc _cBK _n0 |
||
| 999 |
_c513 _d513 |
||